000 00518nam a2200181 4500
001 139255
003 ES-MaACL
005 20230906195734.0
007 t|
008 070214s1976 sp r ||||1| spa d
100 1 _aSciascia, Leonardo.
_9104929
245 1 0 _aTodo modo /
_cLeonardo Sciascia ; [traducción: Vicente Riera Llorca].
250 _a1ª ed.
260 _aBarcelona :
_bNoguer,
_c1976.
300 _a149 p. ;
_c20 cm.
700 1 _aRiera Llorca, Vicenç.
_997126
852 _aES-MaACL
_jA-7427
_bR.96417
999 _c139255
_d139255